[Event "Wch Seniors 65 29th"]
[Site "Bucharest"]
[Date "2019.11.13"]
[Round "2"]
[White "Baluta, Constantin"]
[Black "Kalegin, Evgenij"]
[Result "0-1"]
[WhiteElo "2114"]
[BlackElo "2431"]
[PlyCount "74"]
[EventDate "2019.11.12"]
[EventType "swiss"]
[EventRounds "11"]
[EventCountry "ROU"]
[SourceTitle "CBM 193 Extra"]
[Source "ChessBase"]
[SourceDate "2020.01.31"]
[SourceVersion "1"]
[SourceVersionDate "2020.01.31"]
[SourceQuality "1"]

1. d4 Nf6 2. c4 g6 3. f3 Bg7 4. e4 d6 5. Nc3 c6 6. Be3 a6 7. a4 a5 8. Nge2 0-0 9. Nc1 Na6 10. Nd3 Nd7 11. Be2 e5 12. d5 f5 13. dxc6 bxc6 14. 0-0 Ndc5 15. Nxc5 Nxc5 16. Bxc5 dxc5 17. Qxd8 Rxd8 18. Rfd1 Rd4 19. b3 Rb8 20. Rab1 Bh6 21. Bd3 Be3+ 22. Kf1 f4 23. Ke2 h5 24. Bc2 g5 25. Rd3 g4 26. Re1 Be6 27. Nd1 Rxd3 28. Bxd3 Bd4 29. Bc2 Kf7 30. Nf2 Rg8 31. fxg4 hxg4 32. g3 f3+ 33. Kf1 Rh8 34. h4 gxh3 35. Bd1 Ke7 36. Bxf3 Rf8 37. Ke2 Bxf2 0-1

[Event "Centrocoop Sept op-A"]
[Site "Eforie Nord"]
[Date "1998.??.??"]
[Round "?"]
[White "Birinyi, Zoltan2222"]
[Black "Baluta, Constantin"]
[Result "1/2-1/2"]
[WhiteElo "1750"]
[BlackElo "2265"]
[PlyCount "95"]
[EventDate "1998.09.??"]
[EventType "swiss"]
[EventRounds "11"]
[EventCountry "ROU"]
[SourceTitle "EXT 2000"]
[Source "ChessBase"]
[SourceDate "1999.11.16"]
[SourceVersion "1"]
[SourceVersionDate "1999.11.16"]
[SourceQuality "1"]

1. e4 e5 2. f4 exf4 3. Nf3 Be7 4. Bc4 Nf6 5. Nc3 Nxe4 6. Nd5 Bh4+ 7. Kf1 0-0 8. Nxh4 Qxh4 9. Qe1 Qxe1+ 10. Kxe1 Na6 11. d3 Nec5 12. Bxf4 Re8+ 13. Kd2 c6 14. Rae1 Ne6 15. Bxa6 cxd5 16. Bb5 a6 17. Ba4 b5 18. Bb3 Bb7 19. Bd6 Rac8 20. Re2 f6 21. Rhe1 Kf7 22. c3 h5 23. d4 a5 24. a3 g6 25. Bc2 Rc6 26. Bg3 b4 27. Ba4 bxc3+ 28. bxc3 Rb6 29. Bxd7 Re7 30. Bxe6+ Rbxe6 31. Rxe6 Rxe6 32. Rxe6 Kxe6 33. Bc7 a4 34. Ke3 h4 35. g3 Kf5 36. gxh4 Kg4 37. Bd8 f5 38. Bg5 Ba6 39. Bd8 Bf1 40. Kf2 Bh3 41. Be7 Kf4 42. Bg5+ Ke4 43. Be7 Bg4 44. Bd6 Kd3 45. Bb4 f4 46. Ba5 Ke4 47. Bc7 Kf5 48. Bd8 1/2-1/2

[Event "Bucharest Dreptatea"]
[Site "Bucharest"]
[Date "1996.??.??"]
[Round "5"]
[White "Podgursky, Sten"]
[Black "Baluta, Constantin"]
[Result "1-0"]
[WhiteElo "2260"]
[BlackElo "2335"]
[PlyCount "84"]
[EventDate "1996.??.??"]
[EventType "tourn"]
[EventRounds "13"]
[EventCountry "ROU"]
[EventCategory "3"]
[SourceTitle "EXT 2004"]
[Source "ChessBase"]
[SourceDate "2003.11.25"]
[SourceVersion "1"]
[SourceVersionDate "2003.11.25"]
[SourceQuality "1"]

1. e4 e5 2. Nf3 Nc6 3. Bc4 Be7 4. c3 Nf6 5. d3 d6 6. 0-0 0-0 7. Nbd2 Na5 8. Bb5 a6 9. Ba4 b5 10. Bc2 c5 11. Re1 Qc7 12. Nf1 Bg4 13. h3 Bh5 14. Ng3 Bg6 15. Nh4 Nc6 16. Qf3 Nd8 17. Nhf5 Ne6 18. h4 h6 19. Be3 Rfe8 20. Nxe7+ Qxe7 21. Bb3 a5 22. a4 Reb8 23. Bc1 b4 24. Bc4 Nc7 25. Nf1 Bh5 26. Qg3 Kh8 27. Ne3 Nd7 28. d4 Qf6 29. Nd5 Nxd5 30. Bxd5 Ra7 31. dxe5 Nxe5 32. f4 Ng6 33. f5 Ne5 34. Bf4 Re7 35. cxb4 Rxb4 36. Bd2 Rxb2 37. Bxa5 Ra7 38. Bc3 Rc2 39. Bxe5 dxe5 40. Qb3 Rxg2+ 41. Kxg2 Qxh4 42. Qg3 Qe7 1-0